000 005050000a22001570004500
090 _aAR
_b00638
245 1 0 _aStudies of mineral cycling in a montane rain forest in New Guinea: II. The production and disappearance of litter
650 1 4 _aBosques tropicales
_992765
650 1 4 _aSuelos
_9287
650 1 4 _aAnalisis del suelo
_9286
651 4 _pNueva Guinea
_992749
041 0 _aInglés
100 1 _aEdwards, P. J.
_993740
942 _cARTICULO
773 1 _tJournal of Ecology
_3249
_h65
_q971-992
_d1977
_g65
999 _c9730
_d9730